000 00203nam a2200085Ia 4500
008 170617s9999 xx 000 0 und d
100 _aKalia- A.N
245 0 _aText book of Industrial Pharmacognosy
260 _bC.B.S
260 _c2009
999 _c15219
_d15219